[Event "35th Nezhmetdinov Cup"]
[Site "Kazan RUS"]
[Date "2013.06.01"]
[Round "2.28"]
[White "Shariyazdanov,A"]
[Black "Esipenko,Andrey"]
[Result "1-0"]
[WhiteElo "2579"]
[BlackElo "2191"]

1.d4 Nf6 2.c4 g6 3.Nc3 Bg7 4.e4 d6 5.Be2 O-O 6.Nf3 e5 7.O-O Nc6 8.d5 Ne7
9.Ne1 Nd7 10.Nd3 f5 11.Bd2 Nf6 12.f3 Kh8 13.g4 h6 14.Kh1 fxg4 15.fxg4 g5
16.h4 gxh4 17.g5 hxg5 18.Bxg5 Ng6 19.Bh5 Qd7 20.Nf2 Nf4 21.Bxf4 exf4 22.Bg6 Bh6
23.Nb5 c5 24.dxc6 Qxc6 25.Qxd6 Qxc4 26.Nc7 Qe2 27.Qd3 f3 28.Nxa8 Ng4 29.Qd4+ Bg7
30.Qc5 Bd7 31.Nc7 Rf6 32.Qh5+ Bh6 33.Nd5 Kg7 34.Bf5 Bxf5 35.exf5  1-0

[Event "Grand Europe Open Albena"]
[Site "Albena BUL"]
[Date "2013.06.02"]
[Round "2.42"]
[White "Dimitrov,De"]
[Black "Bernadskiy,V"]
[Result "0-1"]
[WhiteElo "2029"]
[BlackElo "2475"]

1.Nf3 Nf6 2.c4 g6 3.Nc3 Bg7 4.e4 O-O 5.d4 d6 6.Be2 e5 7.O-O Nc6 8.d5 Ne7
9.Nd2 a5 10.Rb1 Nd7 11.a3 f5 12.b4 c5 13.dxc6 Nxc6 14.exf5 gxf5 15.Nb3 a4
16.Na1 Nd4 17.Nc2 Nxe2+ 18.Qxe2 Nf6 19.c5 dxc5 20.Qc4+ Kh8 21.bxc5 f4 22.f3 Bf5
23.Ne4 Bxe4 24.fxe4 Qc7 25.Nb4 b5 26.Qc2 Rac8 27.c6 Qb6+ 28.Kh1 Qd4 29.Re1 Ng4
30.h3 Nf6 31.Bb2 Qd6 32.Rbd1 Qe6 33.Qe2 Rce8 34.Rd3 h6 35.Rf3 Nh7 36.Ref1 Ng5
37.R3f2 f3 38.gxf3 Nxh3 39.Rh2 Rf7 40.Qg2 Nf4 41.Qg4 Qb3 42.Bc1 Rd8 43.Rg1 Qc3
44.Bxf4 exf4 45.Qh5 Kg8 46.Rh4 Qd4 47.Qxb5 Re8  0-1

[Event "3rd Women Masters"]
[Site "Wuxi CHN"]
[Date "2013.06.02"]
[Round "3.4"]
[White "Shen Yang"]
[Black "Zhang Xiaowen"]
[Result "1-0"]
[WhiteElo "2397"]
[BlackElo "2367"]

1.d4 Nf6 2.c4 g6 3.Nc3 Bg7 4.e4 d6 5.Be2 O-O 6.Nf3 e5 7.O-O Nc6 8.d5 Ne7
9.b4 a5 10.Ba3 Nh5 11.c5 axb4 12.Bxb4 Nf4 13.Nd2 f5 14.Re1 Nxe2+ 15.Qxe2 dxc5
16.Bxc5 b6 17.Bxe7 Qxe7 18.Qc4 Kh8 19.Nb5 Ba6 20.a4 Qd7 21.Qc6 Qxc6 22.dxc6 Bxb5
23.axb5 Rad8 24.Nf3 fxe4 25.Ng5 Rd5 26.Ne6 Rxb5 27.Nxf8 Bxf8 28.Red1 Rc5
29.Rac1 Ra5 30.Rd8 Kg8 31.g4 Ra7 32.Rcd1 Kf7 33.R1d7+ Be7 34.Rh8 Ke6 35.Re8  1-0

[Event "6th Mayors Cup 2013"]
[Site "Mumbai IND"]
[Date "2013.06.03"]
[Round "8"]
[White "Malakhatko,V"]
[Black "Rathnakaran,K"]
[Result "1-0"]
[WhiteElo "2552"]
[BlackElo "2417"]

1.c4 Nf6 2.Nc3 g6 3.Nf3 Bg7 4.e4 d6 5.d4 O-O 6.Be2 e5 7.O-O Nc6 8.d5 Ne7
9.b4 Nh5 10.Re1 Nf4 11.Bf1 h6 12.Nd2 g5 13.c5 f5 14.g3 Nfg6 15.Nc4 f4 16.Nb5 Rf6
17.a4 Nh8 18.Ba3 Nf7 19.Be2 Ng6 20.cxd6 cxd6 21.Rc1 a6 22.Nc3 g4 23.Kg2 Kh8
24.Kh1 b5 25.axb5 axb5 26.Nxb5 fxg3 27.fxg3 Ng5  1-0

[Event "Grand Europe Open Albena"]
[Site "Albena BUL"]
[Date "2013.06.04"]
[Round "4.45"]
[White "Abdalla,L"]
[Black "Ozveren,A"]
[Result "0-1"]
[WhiteElo "2288"]
[BlackElo "2000"]

1.d4 Nf6 2.c4 g6 3.Nc3 Bg7 4.e4 d6 5.Nf3 O-O 6.Be2 e5 7.O-O Nc6 8.d5 Ne7
9.Ne1 Nd7 10.Be3 f5 11.f3 f4 12.Bf2 g5 13.Rc1 Ng6 14.Nd3 Nf6 15.c5 Rf7 16.Be1 Bf8
17.cxd6 cxd6 18.Nf2 h5 19.h3 Rg7 20.a4 Nh8 21.Nb5 a6 22.Na3 Nf7 23.Nc4 Nh6
24.Ba5 Qe8 25.Nb6 g4 26.Nxa8 gxh3 27.Rxc8 Rxg2+ 28.Kh1 Qg6 29.Ng4 hxg4 30.fxg4 Nhxg4
31.Bxg4 Nxg4 32.Qf3 Rh2+ 33.Kg1 Rxb2 34.Kh1 Nh2 35.Qxh3 Qxe4+ 36.Kg1 Qd4+
37.Kh1 Qxd5+ 38.Kg1 Qd4+ 39.Kh1 Qe4+ 40.Kg1 Qg6+ 41.Kh1 Nxf1  0-1

[Event "43rd Open A Bosna 2013"]
[Site "Sarajevo BIH"]
[Date "2013.06.04"]
[Round "5.7"]
[White "Sebenik,M"]
[Black "Nestorovic,L"]
[Result "0-1"]
[WhiteElo "2519"]
[BlackElo "2380"]

1.d4 Nf6 2.c4 g6 3.Nc3 Bg7 4.e4 d6 5.Nf3 O-O 6.Be2 e5 7.O-O Nc6 8.d5 Ne7
9.Ne1 Nd7 10.Nd3 f5 11.f3 f4 12.Bd2 Rf7 13.Rc1 g5 14.c5 Nf6 15.Nb5 Ng6 16.Ba5 b6
17.cxd6 cxd6 18.Be1 g4 19.fxg4 Nxe4 20.Nb4 Ng5 21.Nc6 Qf6 22.Nc3 f3 23.gxf3 Nf4
24.Ne4 Nxe4 25.fxe4 Qg6 26.Bf3 Ba6 27.Bh4 Qh6 28.Be7 Bxf1 29.Qxf1 Ne2+ 30.Qxe2 Qxc1+
31.Kg2 Bf8 32.Bd8 Rc8 33.h4 Rxc6 34.dxc6 Qxc6 35.g5 Rf4 36.Kg3 Qc8 37.Bf6 Bg7
38.Bg4 Qc1 39.Be7 Qg1+ 40.Kh3 Qh1+ 41.Kg3 Rxe4  0-1

[Event "43rd Open A Bosna 2013"]
[Site "Sarajevo BIH"]
[Date "2013.06.04"]
[Round "5.10"]
[White "Nestorovic,De"]
[Black "Djukic,Ni"]
[Result "1/2-1/2"]
[WhiteElo "2428"]
[BlackElo "2539"]

1.d4 Nf6 2.c4 g6 3.Nc3 Bg7 4.e4 d6 5.Nf3 O-O 6.Be2 e5 7.O-O Nc6 8.d5 Ne7
9.Ne1 Nd7 10.Nd3 f5 11.f3 f4 12.Bd2 h5 13.Qb3 b6 14.Qa3 g5 15.h3 Nf6 16.Nf2 Rf7
17.b4 Ng6 18.c5 g4 19.fxg4 hxg4 20.hxg4 Bh6 21.Bf3 Bg5 22.Rfc1 Bh4 23.Ncd1 Bg3
24.cxb6 cxb6 25.b5 Rh7 26.Rc6 Ne8 27.Rac1 Rh2 28.Qb3 Nh4 29.a4 Bd7 30.Bb4 Nxf3+
31.Qxf3 Qh4 32.Bxd6 Rh1+ 33.Nxh1 Bxg4 34.Nhf2 Bxf3 35.gxf3 Qh2+ 36.Kf1 Bxf2
37.Nxf2 Nf6 38.Bxe5 Nh5 39.Bd4 Ng3+ 40.Ke1 Qg2 41.Rg6+ Kf7 42.Rg7+ Kf8 43.Rcc7 Qxf3
44.Rgf7+ Kg8 45.Rg7+ Kf8  1/2-1/2

[Event "3rd Women Masters"]
[Site "Wuxi CHN"]
[Date "2013.06.05"]
[Round "5.4"]
[White "Guo Qi"]
[Black "Wang Jue"]
[Result "0-1"]
[WhiteElo "2439"]
[BlackElo "2401"]

1.d4 Nf6 2.Nf3 g6 3.c4 Bg7 4.Nc3 d6 5.e4 O-O 6.Be2 e5 7.O-O Nc6 8.d5 Ne7
9.b4 Nh5 10.Re1 a5 11.bxa5 Rxa5 12.Nd2 Nf4 13.Bf1 c5 14.a4 Ra6 15.Ra3 Nh5
16.Nb5 Nf6 17.Bb2 Ne8 18.Qa1 f5 19.exf5 Nxf5 20.Ne4 h6 21.g3 Nf6 22.Bg2 Nxe4
23.Bxe4 Rf7 24.Qd1 Bd7 25.Qd2 h5 26.Bc1 Bh6 27.Qd1 Bxc1 28.Qxc1 Kg7 29.h4 Nd4
30.Nxd4 cxd4 31.Qc2 Bf5 32.Bxf5 gxf5 33.c5 e4 34.c6 d3 35.Qc3+ Kh7 36.Rb1 bxc6
37.dxc6 Qc8 38.Rc1 Kg6 39.c7 Ra7 40.Qd2 Raxc7 41.Qg5+ Kh7 42.Raa1 Qe6 43.Qxh5+ Qh6
44.Qxh6+ Kxh6 45.Rxc7 Rxc7 46.Kf1 Kh5 47.a5 Kg4 48.a6 d2  0-1

[Event "Grand Europe Open Albena"]
[Site "Albena BUL"]
[Date "2013.06.06"]
[Round "6.45"]
[White "Abdalla,L"]
[Black "Drogovoz,I"]
[Result "1-0"]
[WhiteElo "2288"]
[BlackElo "2001"]

1.d4 Nf6 2.c4 g6 3.Nc3 Bg7 4.e4 d6 5.Nf3 O-O 6.Be2 e5 7.O-O Nc6 8.d5 Ne7
9.b4 Nd7 10.a4 a5 11.Ba3 axb4 12.Bxb4 h6 13.Nd2 f5 14.Nb3 b6 15.a5 Nc5 16.f3 f4
17.Nb5 g5 18.axb6 Rxa1 19.Qxa1 cxb6 20.Nxc5 dxc5 21.Bc3 Ng6 22.Qa7 Bf6 23.Rb1 Rf7
24.Qb8 Bd7 25.Qxd8+ Bxd8 26.Ra1 Be7 27.Bd1 Kg7 28.Ra7 Bf6 29.Ba4  1-0

[Event "Grand Europe Open Albena"]
[Site "Albena BUL"]
[Date "2013.06.07"]
[Round "7.25"]
[White "Skomorokhin,R"]
[Black "Smith,Bry"]
[Result "1-0"]
[WhiteElo "2331"]
[BlackElo "2467"]

1.d4 Nf6 2.c4 g6 3.Nc3 Bg7 4.e4 d6 5.Nf3 O-O 6.Be2 e5 7.O-O Nc6 8.d5 Ne7
9.b4 Nh5 10.g3 f5 11.Ng5 Nf6 12.f3 f4 13.b5 Nh5 14.g4 Bf6 15.Ne6 Bxe6 16.dxe6 Ng7
17.c5 dxc5 18.Qb3 Qd4+ 19.Kg2 Qb4 20.Bc4 Kh8 21.Ba3 Qxb3 22.axb3 b6 23.Bb2 a5
24.Rad1 Ne8 25.Rd7 Nd6 26.Rxc7 a4 27.Rd1 a3 28.Ba1 Rfd8 29.Rd7  1-0

[Event "35th Nezhmetdinov Cup"]
[Site "Kazan RUS"]
[Date "2013.06.07"]
[Round "8.12"]
[White "Goganov,A"]
[Black "Gajsin,E"]
[Result "1/2-1/2"]
[WhiteElo "2552"]
[BlackElo "2457"]

1.c4 g6 2.Nc3 Bg7 3.d4 Nf6 4.e4 d6 5.Nf3 O-O 6.Be2 e5 7.O-O Nc6 8.d5 Ne7
9.b4 Nh5 10.g3 f5 11.Ng5 Nf6 12.Bf3 f4 13.b5 h5 14.Ba3 b6 15.Ne6 Bxe6 16.dxe6 Nh7
17.h4 Rf6 18.g4 Rxe6 19.g5 Kh8 20.Nd5 Nxd5 21.cxd5 Re8 22.Rc1 Rc8 23.Rc6 Bf6
24.Re1 Bxg5 25.hxg5 Nxg5 26.Kf1 Qd7 27.Qd3 Nf7 28.Ke2 Re7 29.Rg1 Kh7 30.Rcc1 Rh8
31.Rg2 Nh6 32.Rcg1 Rg8 33.Bb2 Reg7 34.Kd2 Qe8 35.Rh2 Rf8 36.Kc2 Ng8 37.Qe2 Nf6
38.Kb3 Rh8 39.a4 Kg8 40.Rhg2 Kf7 41.Rg5 Qd7 42.Rh1 Nh7 43.Rgg1 Nf6 44.Bc3 Rh6
45.Rh2 Kf8 46.Rhg2 Qe8 47.Qd1 Qf7 48.Kb2 Nh7 49.Rh2 Nf6 50.Rgh1 Qe8 51.Qe2 Rgh7
52.Rg1 Rg7 53.Rhg2 Qf7 54.Bb4 Nh7 55.Rh2 Nf6 56.Rhg2 Nh7 57.Rh1 Nf6 58.Rg5 Nh7
59.Rgg1 Nf6 60.Rg5  1/2-1/2

[Event "National Open 2013"]
[Site "Las Vegas USA"]
[Date "2013.06.09"]
[Round "5"]
[White "Yanayt,E"]
[Black "Qi,Eric"]
[Result "1-0"]
[WhiteElo "2230"]
[BlackElo "2061"]

1.d4 Nf6 2.c4 g6 3.Nc3 Bg7 4.e4 d6 5.Nf3 O-O 6.Be2 e5 7.O-O Nc6 8.d5 Ne7
9.Ne1 Ne8 10.Be3 f5 11.f3 f4 12.Bf2 h5 13.a4 a5 14.c5 g5 15.Rc1 Ng6 16.Nd3 Nf6
17.cxd6 cxd6 18.Qb3 g4 19.Bb6 Qe7 20.Nc5 g3 21.Ne6 gxh2+ 22.Kxh2 Bxe6 23.dxe6 Rfc8
24.Rfd1 Kh8 25.Nb5 Rxc1 26.Rxc1 Ne8 27.Rh1 Bf6 28.Bc4 Rc8 29.Kg1 Bh4 30.Kf1 Kg7
31.Bxa5 d5 32.exd5 Qc5 33.Be1 Bxe1 34.Kxe1 Qxc4 35.Qxc4 Rxc4 36.Rxh5 Rc5
37.d6 Rd5 38.d7 Nf6 39.Nc7 Rd4 40.Ne8+ Kf8 41.Rf5 Ke7 42.Rxf6 Nh4 43.Ke2 Nxg2
44.Rh6 e4 45.fxe4 Nh4 46.Rxh4 Rxe4+ 47.Kf3 Rxe6 48.Rh7+ Kd8 49.Kxf4 Ra6 50.Kf5 Ra5+
51.Ke6 b5 52.Nd6  1-0

[Event "Zonal 3.4 2013"]
[Site "Osh KGZ"]
[Date "2013.06.09"]
[Round "3"]
[White "Abdyjapar,Asyl"]
[Black "Atabayew,S"]
[Result "0-1"]
[WhiteElo "2416"]
[BlackElo "2187"]

1.c4 Nf6 2.Nc3 g6 3.Nf3 Bg7 4.d4 O-O 5.e4 d6 6.Be2 e5 7.O-O Nc6 8.d5 Ne7
9.Ne1 Nd7 10.Nd3 f5 11.f3 f4 12.Bd2 g5 13.b4 Nf6 14.c5 h5 15.Rc1 Ng6 16.Nf2 Rf7
17.cxd6 cxd6 18.a4 Bf8 19.a5 Rg7 20.Be1 Nh8 21.Nd3 Qe8 22.Kh1 Be7 23.Nb2 Bd7
24.Qd3 g4 25.Bh4 Nh7 26.Bxe7 Qxe7 27.fxg4 hxg4 28.g3 Rf8 29.Nb5 Ng5 30.gxf4 exf4
31.Rc7 f3 32.Bd1 Bxb5 33.Rxe7 Bxd3 34.Rxg7+ Kxg7 35.Nxd3 Nxe4 36.Rg1 g3 37.Re1 f2
38.Rf1 Nd2 39.Be2 Nxf1 40.Bxf1  0-1

[Event "Zonal 3.4 Women 2013"]
[Site "Osh KGZ"]
[Date "2013.06.12"]
[Round "6"]
[White "Gevorgyan,I"]
[Black "Kurbonboeva,Sarvinoz"]
[Result "1/2-1/2"]
[WhiteElo "2153"]
[BlackElo "2097"]

1.d4 Nf6 2.c4 g6 3.Nc3 Bg7 4.e4 d6 5.Be2 O-O 6.Nf3 e5 7.O-O Nc6 8.d5 Ne7
9.b4 Nh5 10.g3 f5 11.Ng5 Nf6 12.Bf3 fxe4 13.Ngxe4 Nxe4 14.Nxe4 Nf5 15.Bg2 a5
16.bxa5 Rxa5 17.Bd2 Ra8 18.c5 Nd4 19.Bg5 Qd7 20.cxd6 cxd6 21.a4 Ra6 22.a5 b6
23.axb6 Rxb6 24.Be3 Qb7 25.Rb1 Rxb1 26.Qxb1 Qxb1 27.Rxb1 Bf5 28.Rb6 Bxe4
29.Bxe4 Rd8 30.h4 Rd7 31.Kg2 Bf6 32.Bd2 Kg7 33.Bb4 Be7 34.Bd3 Kg8 35.Ba6 Kf7
36.Bc8 Rd8 37.Bh3 Ke8 38.Bd2 Nf5 39.h5 Rc8 40.Bb4 Rd8  1/2-1/2

[Event "27th Pula Open 2013"]
[Site "Pula CRO"]
[Date "2013.06.12"]
[Round "6.3"]
[White "Tratar,M"]
[Black "Mazur,Ste"]
[Result "0-1"]
[WhiteElo "2508"]
[BlackElo "2387"]

1.d4 Nf6 2.c4 g6 3.Nc3 Bg7 4.e4 d6 5.Nf3 O-O 6.Be2 e5 7.O-O Nc6 8.d5 Ne7
9.a4 a5 10.Ne1 Nd7 11.Nd3 f5 12.f3 f4 13.b3 b6 14.Ba3 Nf6 15.b4 axb4 16.Bxb4 c5
17.dxc6 Nxc6 18.Ba3 Rf7 19.Nb5 Bf8 20.Nb4 Na5 21.Nd5 g5 22.Rb1 h5 23.Nxf6+ Rxf6
24.Nc3 Rg6 25.Nd5 Rb8 26.Nxb6 Be6 27.Nd5 Rxb1 28.Qxb1 g4 29.fxg4 hxg4 30.g3 f3
31.Bd3 Bh6 32.Bc1 Bxc1 33.Qxc1 Nb3 34.Qe3 Nc5 35.Bc2 Kh7 36.h3 Rg7 37.hxg4 Bxg4
38.Kf2 Rg6 39.Rh1+ Kg7 40.Qd2 Qb8 41.Qb4 Qd8 42.Qb6 Qg5 43.Qa5 Bd7 44.Rg1 Qh5  0-1

[Event "Zonal 3.4 2013"]
[Site "Osh KGZ"]
[Date "2013.06.13"]
[Round "7"]
[White "Akkozov,B"]
[Black "Atabayew,S"]
[Result "1-0"]
[WhiteElo "2377"]
[BlackElo "2187"]

1.d4 Nf6 2.c4 g6 3.Nc3 Bg7 4.e4 d6 5.Nf3 O-O 6.Be2 e5 7.O-O Nc6 8.d5 Ne7
9.Ne1 Nd7 10.Be3 f5 11.f3 f4 12.Bf2 g5 13.g4 Kf7 14.Nd3 h5 15.h3 Rh8 16.Kg2 Ng6
17.Rh1 Bf8 18.b4 b6 19.Qb3 a5 20.a3 Ba6 21.Rac1 Rb8 22.Qa2 Kg7 23.Rb1 Be7
24.bxa5 bxa5 25.Rxb8 Qxb8 26.Rb1 Qg8 27.Rg1 Qh7 28.Kf1 hxg4 29.hxg4 Qh3+
30.Ke1 Nh4 31.Bxh4 Qxh4+ 32.Kd2 Nb6 33.Nb5 Rc8 34.a4 c6 35.dxc6 Rxc6 36.Rc1 Qh6
37.Qb3 Qe6 38.Nb2 Nd7 39.Rh1 Bd8 40.Qd1 Bb6 41.Qf1 Qg6 42.Nd1 Rc8 43.Qh3 Bxb5
44.axb5 a4 45.Nc3 Ba5 46.Kc2 Nb6 47.Kb2 a3+ 48.Kb3 Bxc3 49.Kxc3 d5 50.Qh5 dxc4
51.Qxg6+ Kxg6 52.Ra1 Ra8 53.Ra2 Kf6 54.Kb4 Ra4+ 55.Kc5 Nd7+ 56.Kd6 c3 57.Kxd7 c2
58.Rxc2 a2 59.Rc6+ Kg7 60.Rc1 a1=Q 61.Rxa1 Rxa1 62.b6 Rb1 63.Kc7 Rc1+ 64.Kb8 Rc2
65.Ba6 Kf7 66.b7 Ke7 67.Ka7 Rb2 68.b8=Q Rxb8 69.Kxb8 Kd6 70.Kc8 Kc6 71.Bb7+ Kd6
72.Kd8 Kc5 73.Ke7  1-0

[Event "17th Petr Izmailov"]
[Site "Tomsk RUS"]
[Date "2013.06.13"]
[Round "3.9"]
[White "Smirnov,P"]
[Black "Tsepennikova,T"]
[Result "1-0"]
[WhiteElo "2635"]
[BlackElo "2089"]

1.d4 Nf6 2.c4 g6 3.Nc3 Bg7 4.e4 d6 5.Nf3 O-O 6.Be2 e5 7.O-O Nc6 8.d5 Ne7
9.Ne1 a5 10.Be3 Nd7 11.Nd3 f5 12.f3 f4 13.Bf2 b6 14.a3 Ba6 15.Ne1 g5 16.b4 axb4
17.axb4 Qe8 18.Ra4 Qg6 19.Qa1 Bb7 20.Nb5 Rxa4 21.Qxa4 Ra8 22.Qb3 Rc8 23.c5 Ba6
24.Qa4 Bxb5 25.Bxb5 Nf6 26.cxd6 cxd6 27.Qa7 Bf8 28.Qxb6 g4 29.Qxd6 gxf3 30.Qe6+ Kg7
31.Nxf3 Ng4 32.Bd7 Ng8  1-0

[Event "2nd Grand Europe Open 2013"]
[Site "Golden Sands BUL"]
[Date "2013.06.14"]
[Round "5.60"]
[White "Radulov,I"]
[Black "Sofranov,V"]
[Result "0-1"]
[WhiteElo "2304"]
[BlackElo "2154"]

1.Nf3 Nf6 2.d4 g6 3.c4 Bg7 4.Nc3 O-O 5.e4 d6 6.Be2 e5 7.O-O Nc6 8.dxe5 dxe5
9.Bg5 Qxd1 10.Rfxd1 Bg4 11.Rd2 Bxf3 12.Bxf3 Nd4 13.Bd1 c6 14.f3 Rfe8 15.Ne2 Ne6
16.Be3 Rad8 17.Rxd8 Rxd8 18.Bxa7 Rd2 19.Rb1 Nd4 20.Kf1 Nd7 21.Ke1 Bh6 22.Bxd4 exd4
23.f4 Rd3 24.Bc2 Re3 25.Kf2 Nf6 26.Nxd4 Ng4+ 27.Kg1 Bxf4 28.h3 Ne5 29.Rf1 Bh6
30.Kf2 Nxc4 31.b3 Ne5 32.Rd1 Rc3 33.Bb1 Be3+ 34.Ke2 Bxd4 35.Rxd4 Rc1 36.Rd1 Rxd1
37.Kxd1 Kf8 38.Kd2 Ke7 39.Kc3 c5 40.b4 Kd6 41.a3 g5 42.Bc2 h5 43.g3 h4 44.gxh4 gxh4
45.Bd1 f6 46.Ba4 cxb4+ 47.Kxb4 Nd3+ 48.Kb5 Nf2 49.Kb6 Nxh3 50.Kxb7 Nf2  0-1

[Event "2nd Grand Europe Open 2013"]
[Site "Golden Sands BUL"]
[Date "2013.06.15"]
[Round "6.43"]
[White "Arngrimsson,D"]
[Black "Mgeladze,T"]
[Result "1-0"]
[WhiteElo "2396"]
[BlackElo "2197"]

1.d4 Nf6 2.c4 g6 3.Nc3 Bg7 4.e4 d6 5.Nf3 O-O 6.Be2 e5 7.O-O Nc6 8.d5 Ne7
9.Ne1 Nd7 10.Be3 f5 11.f3 f4 12.Bf2 g5 13.Rc1 Ng6 14.Nb5 b6 15.b4 a6 16.Nc3 a5
17.a3 axb4 18.axb4 Rf7 19.c5 bxc5 20.bxc5 Nf6 21.Nb5 g4 22.cxd6 cxd6 23.Rc6 g3
24.Bb6 gxh2+ 25.Kh1 Qe7 26.Nxd6 Rf8 27.Nxc8 Rfxc8 28.Bc4 Kh8 29.Bc5 Qb7 30.Qb3 Qxb3
31.Bxb3 Rcb8 32.Bc4 Nh5 33.Kxh2 Ng3 34.Rg1 Ra4 35.Bd6 Rg8 36.Nc2 Bf8 37.Bc7 Ne7
38.Bxe5+ Bg7 39.Bxg7+ Rxg7 40.Rc7 Rg5 41.Re1 Ng6 42.d6 Rh5+ 43.Kg1 Ne5 44.Bb5 Ra8
45.Kf2 Rg8 46.Bc4 Rh2 47.Rg1 Rd8 48.Rd1 Rh1 49.Rxh1 Nxh1+ 50.Kg1 Ng3 51.Bd5 Rxd6
52.Nd4 Rb6 53.Rc8+ Kg7 54.Ne6+ Kf6 55.Nxf4 Kg5 56.Kf2 Kh4 57.Rg8 Rb2+ 58.Ke3  1-0

[Event "82nd ch-UKR 2013"]
[Site "Kiev UKR"]
[Date "2013.06.15"]
[Round "1.3"]
[White "Eljanov,P"]
[Black "Baryshpolets,A"]
[Result "1-0"]
[WhiteElo "2707"]
[BlackElo "2547"]

1.d4 Nf6 2.c4 g6 3.Nc3 Bg7 4.e4 d6 5.Nf3 O-O 6.Be2 e5 7.O-O Nc6 8.d5 Ne7
9.Qc2 Nh5 10.Rd1 f5 11.Ng5 Nf4 12.Bxf4 exf4 13.c5 Kh8 14.Ne6 Bxe6 15.dxe6 Be5
16.Bf3 fxe4 17.Qxe4 Nf5 18.Rac1 Rb8 19.cxd6 cxd6 20.Nd5 Qe8 21.Nc7 Qe7 22.b3 Ng7
23.Bg4 Qg5 24.Qf3 h5 25.Bh3 Qh4 26.Qe4 g5 27.e7 Rf7 28.e8=Q+ Nxe8 29.Nxe8 Rxe8
30.Qg6 Rfe7 31.Bf5 g4 32.Qh6+ Kg8 33.Be4 Bg7 34.Bd5+ Kf8 35.Qh7 Rf7 36.Bxf7 Kxf7
37.Rc7+ Re7 38.Rxe7+ Qxe7 39.Qxh5+ Kf8 40.Qxg4  1-0

[Event "5th Lublin Union Mem GM"]
[Site "Lublin POL"]
[Date "2013.06.16"]
[Round "2.2"]
[White "Sadzikowski,D"]
[Black "Socko,M"]
[Result "1/2-1/2"]
[WhiteElo "2448"]
[BlackElo "2458"]

1.Nf3 Nf6 2.c4 g6 3.Nc3 Bg7 4.d4 d6 5.e4 O-O 6.Be2 e5 7.O-O Nc6 8.d5 Ne7
9.b4 a5 10.Ba3 b6 11.bxa5 Rxa5 12.Bb4 Ra8 13.a4 Ne8 14.Nd2 f5 15.Nb5 Bh6
16.Bf3 Bxd2 17.Qxd2 Nf6 18.exf5 Nxf5 19.g3 Ba6 20.Bg2 Nd7 21.Rae1 Bxb5 22.axb5 Ra4
23.f4 exf4 24.Rxf4 Re8 25.Be4 Ng7 26.Bc2 Ra2 27.Ref1 Ne5 28.Bc3 Qe7 29.Qc1 Raa8
30.Bb1 Nh5 31.Re4 Rf8 32.Kg2 Rxf1 33.Qxf1 Rf8 34.Qe2 Qg5 35.Bd2 Qf6 36.Bc3 Qg5
37.Bd2 Qf6 38.Bc3 Qg5  1/2-1/2

[Event "8th Teplice Open 2013"]
[Site "Teplice CZE"]
[Date "2013.06.18"]
[Round "4.20"]
[White "Biolek,R1"]
[Black "Grichkevitch,G"]
[Result "1-0"]
[WhiteElo "2412"]
[BlackElo "2155"]

1.d4 Nf6 2.c4 g6 3.Nc3 Bg7 4.e4 d6 5.Nf3 O-O 6.Be2 e5 7.O-O Nc6 8.d5 Ne7
9.b4 a5 10.Ba3 b6 11.bxa5 Ne8 12.Bb4 bxa5 13.Ba3 h6 14.c5 f5 15.Nd2 dxc5
16.Bxc5 Nd6 17.Re1 Kh8 18.Ba3 Rf7 19.Nb5 Nxb5 20.Bxb5 fxe4 21.Nxe4 Bb7 22.d6 Nf5
23.dxc7 Qxc7 24.Nd6 Nxd6 25.Qxd6 Re8 26.Qxg6 Ree7  1-0

[Event "III Marcel Duchamp Boca Jun Op"]
[Site "Buenos Aires ARG"]
[Date "2013.06.21"]
[Round "2.41"]
[White "Ennis Marcos,Alan"]
[Black "Epelboin,M"]
[Result "1-0"]
[WhiteElo "1677"]
[BlackElo "1930"]

1.c4 Nf6 2.Nc3 g6 3.d4 Bg7 4.e4 d6 5.Be2 O-O 6.Nf3 e5 7.O-O Nc6 8.d5 Ne7
9.Ne1 Nd7 10.f3 f5 11.Be3 f4 12.Bf2 g5 13.Nd3 Rf6 14.c5 a6 15.a4 Rh6 16.b4 Qe8
17.Kh1 Qh5 18.Bg1 Nf6 19.Nf2 Qg6 20.Ng4 Bxg4 21.fxg4 Nxe4 22.Nxe4 Qxe4 23.Bf3 Qg6
24.Re1 Qf7 25.Rc1 Ng6 26.cxd6 cxd6 27.Re4 Re8 28.Rec4 Re7 29.Bb6 Nf8 30.Rc7 Nd7
31.Be4 Nxb6 32.Rxe7 Qxe7 33.a5 Nd7 34.Rc7 Rf6 35.Qa4 Rf7 36.Bf5 Qd8 37.Qc2 Rxf5
38.Rc8 Rf8 39.Rxd8 Rxd8 40.Qc7 Bf6 41.Qxd6 Kg7 42.Qc7 e4 43.Qxb7 e3 44.Qxa6 Re8
45.Qe2 Bc3 46.a6 Bxb4 47.Qb2+ Kg8 48.Qxb4 e2 49.Qe1 Nc5 50.d6 Kf7 51.a7 Nd3
52.d7 Re7 53.a8=Q Nxe1 54.d8=Q Nd3 55.Qg8+ Kf6 56.Qaf8+  1-0

[Event "7th Varna Open 2013"]
[Site "Varna BUL"]
[Date "2013.06.21"]
[Round "3.23"]
[White "Koleva,Aleksandrina"]
[Black "Bizovi,M"]
[Result "1/2-1/2"]
[WhiteElo "1654"]
[BlackElo "2137"]

1.d4 Nf6 2.c4 g6 3.Nc3 Bg7 4.e4 d6 5.Nf3 O-O 6.Be2 e5 7.O-O Nc6 8.dxe5 dxe5
9.Qc2 Bg4 10.Rd1 Qc8 11.Be3 Nh5 12.Nd5 Re8 13.h3 Be6 14.Ng5 Nf6 15.Nxe6 fxe6
16.Nxf6+ Bxf6 17.c5 Re7 18.Qc4 Qf8 19.Bg4 Rae8 20.Rd2 h5 21.Bd1 Nd4 22.Ba4 c6
23.Rad1 Rf7 24.f4 Nb5 25.fxe5 Bxe5 26.Bxb5 cxb5 27.Qxb5 Bc7 28.Bh6 a6 29.Bxf8 axb5
30.Bd6 Bd8 31.Rf2 Rxf2 32.Kxf2 Bf6 33.e5 Bg5 34.Rd3 Ra8 35.a3 b4 36.c6 bxc6
37.Bxb4 Rb8 38.Kf3 Bc1 39.Rd6 c5 40.Bxc5 Rb3+ 41.Ke4 Rxb2 42.Rxe6 Rxg2 43.Re8+ Kg7
44.Rf8 Bb2 45.e6 Re2+ 46.Kd3 Rxe6 47.Rf2 Bf6 48.a4 Rc6 49.Bd4 Bxd4 50.Kxd4 Ra6
51.Ra2 Kf6 52.a5 Kg5 53.Kc5 Kh4 54.Ra3 g5 55.Kb5 Ra8 56.a6 g4 57.hxg4 hxg4
58.a7 g3 59.Kb6 g2 60.Ra1 Kh3  1/2-1/2

[Event "13th IPCA World Championship"]
[Site "Velke Losiny CZE"]
[Date "2013.06.21"]
[Round "5.19"]
[White "Kurochkina,E"]
[Black "Bainhofner,J"]
[Result "1-0"]
[WhiteElo "1800"]
[BlackElo "1828"]

1.d4 d6 2.c4 Nf6 3.Nc3 g6 4.e4 Bg7 5.Nf3 O-O 6.Be2 e5 7.O-O Nc6 8.d5 Ne7
9.Re1 Ne8 10.Bg5 h6 11.Bd2 f5 12.exf5 gxf5 13.Kh1 Ng6 14.g3 e4 15.Ng1 Nf6
16.Be3 Ne5 17.Nh3 Nfg4 18.Nf4 Qe8 19.Bd4 c5 20.dxc6 bxc6 21.h3 Nf6 22.Be3 Qe7
23.Qb3 Be6 24.Qa4 Qf7 25.b3 Nh7 26.Rad1 Nf3 27.Bxf3 Bxc3 28.Bh5 Qf6 29.Rg1 Be5
30.Qxc6 Ng5 31.Qa6 Bf7 32.Be2 Ne6 33.Nd5 Qg7 34.Ne7+ Kh7 35.Nxf5 Qf6 36.Nxh6 Ng5
37.Ng4 Qf5 38.Bxg5 Qxg5 39.Nxe5 dxe5 40.Rd6 Kg7 41.Bg4 Rh8 42.Kh2 e3 43.fxe3 Qxe3
44.Rf1 Raf8 45.Qb7 e4 46.Rdf6 Qd2+ 47.R6f2 e3 48.Rxd2 exd2 49.Be6 d1=Q 50.Rxd1 Rh6
51.Bxf7 Rxf7 52.Qd5 Rhf6 53.Qe5 Kg6 54.Rd6  1-0

[Event "66th ch-RUS HL"]
[Site "Yekaterinburg RUS"]
[Date "2013.06.21"]
[Round "2.12"]
[White "Prizant,Ja"]
[Black "Shimanov,A"]
[Result "0-1"]
[WhiteElo "2515"]
[BlackElo "2664"]

1.d4 Nf6 2.c4 g6 3.Nc3 Bg7 4.e4 d6 5.Nf3 O-O 6.Be2 e5 7.O-O Nc6 8.d5 Ne7
9.Ne1 Nd7 10.Be3 f5 11.f3 f4 12.Bf2 g5 13.a4 Rf6 14.Nd3 Rh6 15.a5 a6 16.Rc1 Nf6
17.Be1 Rg6 18.Nf2 h5 19.h3 Kh8 20.c5 Bd7 21.cxd6 cxd6 22.Na4 Nc8 23.Qb3 Rb8
24.Nb6 Nxb6 25.axb6 g4 26.hxg4 hxg4 27.fxg4 Bh6 28.Rc7 Bg5 29.Qb4 Ne8 30.Rc3 Bh4
31.Rh3 Kg8 32.Kh1 Rc8 33.Nd1 Bxe1 34.Qxe1 Rc2 35.Bd3 Rc1 36.Qh4 Qxh4 37.Rxh4 Bxg4
38.Ne3 Rxf1+ 39.Nxf1 Nf6 40.Nd2 Nd7 41.Nc4 Nc5 42.Bc2 Be2 43.Nd2 Nd7 44.Rh3 Nxb6
45.Rc3 Rg7 46.Kg1 Nd7 47.Bd3 Bxd3 48.Rxd3 Nc5 49.Rc3 a5 50.Kf1 b5 51.Nb3 b4  0-1

[Event "V4 Liptov IM 2013"]
[Site "Liptovsky Mikulas SVK"]
[Date "2013.06.22"]
[Round "4.3"]
[White "Jozefek,M"]
[Black "Gazik,Viktor"]
[Result "0-1"]
[WhiteElo "2207"]
[BlackElo "2112"]

1.d4 Nf6 2.c4 g6 3.Nc3 Bg7 4.e4 O-O 5.Be2 d6 6.Nf3 e5 7.O-O Nc6 8.d5 Ne7
9.Ne1 Nd7 10.Nd3 f5 11.Bd2 Nf6 12.f3 f4 13.c5 g5 14.cxd6 cxd6 15.Nf2 Rf7
16.Qc2 Ng6 17.Rfc1 a6 18.a4 h5 19.h3 g4 20.fxg4 hxg4 21.hxg4 b6 22.Ra3 Bh6
23.Na2 Bg5 24.Rc3 Bd7 25.Qd1 Bh4 26.Bf3 Rh7 27.Be1 Bg3 28.Nb4 Qf8 29.g5 Ne8
30.Bg4 Qe7 31.Bxd7 Qxd7 32.Nh3 Rxh3 33.gxh3 Qxh3 34.Bxg3 fxg3 35.R1c2 Ng7
36.Qf1 Qh4 37.Qf3 Rf8 38.Qg2 Nh5 39.Nd3 Qg4 40.Qe2 Qxg5 41.Rc8 Rxc8 42.Rxc8+ Kg7
43.Qf3 Qh4 44.Rc2 Nf6 45.Rg2 Nxe4 46.Rc2 Ng5 47.Qf5 Kh6 48.Ne1 Qd4+ 49.Kf1 Qxd5
50.Qg4 Qh1+ 51.Ke2 Nf4+ 52.Kd1 g2  0-1

[Event "66th ch-RUS HL"]
[Site "Yekaterinburg RUS"]
[Date "2013.06.24"]
[Round "5.2"]
[White "Khismatullin,D"]
[Black "Goganov,A"]
[Result "1/2-1/2"]
[WhiteElo "2658"]
[BlackElo "2562"]

1.c4 g6 2.d4 Nf6 3.Nc3 Bg7 4.e4 O-O 5.Be2 d6 6.Nf3 e5 7.O-O Nc6 8.d5 Ne7
9.b4 Nh5 10.Re1 f5 11.Ng5 Nf6 12.Bf3 h6 13.Ne6 Bxe6 14.dxe6 c6 15.Bb2 fxe4
16.Nxe4 Nxe4 17.Rxe4 d5 18.cxd5 cxd5 19.Rxe5 Bxe5 20.Bxe5 Rc8 21.Qd2 Kh7
22.Re1 Rc4 23.Bd4 Qc7 24.h4 h5 25.Be2 Rxd4 26.Qxd4 Rf4 27.Qxa7 Rxh4 28.Bf3 Qh2+
29.Kf1 Qd6 30.g3 Rxb4 31.Qe3 d4 32.Qd3 Qa6 33.Qxa6 bxa6 34.Re5 d3 35.Re3 Rd4
36.Ke1 Kg7 37.a3 Kf6 38.Kd2 Nf5 39.e7 Nxe7 40.Rxd3 Ke5 41.Bb7 Rxd3+ 42.Kxd3 a5
43.Kc4 Nf5 44.Bg2 Nd6+ 45.Kc5 Ne4+ 46.Kb5 Nxf2 47.Kxa5 Nd3 48.Kb5 Nb2 49.Bc6  1/2-1/2

[Event "TCh-MNE Prem 2013"]
[Site "Cetinje MNE"]
[Date "2013.06.25"]
[Round "2.4"]
[White "Pecurica,M"]
[Black "Todorovic,J"]
[Result "1-0"]
[WhiteElo "2172"]
[BlackElo "2436"]

1.d4 Nf6 2.c4 g6 3.Nc3 Bg7 4.e4 d6 5.Nf3 O-O 6.Be2 e5 7.O-O Nc6 8.d5 Ne7
9.b4 Nh5 10.Re1 f5 11.Ng5 Nf6 12.Bf3 Kh8 13.b5 fxe4 14.Ncxe4 Nf5 15.Bb2 Nxe4
16.Nxe4 Bd7 17.a4 a6 18.Qb3 b6 19.bxa6 Rxa6 20.Be2 Ra8 21.Qb4 Qh4 22.Bd3 Nh6
23.Re3 Ng4 24.Rh3 Qe7 25.Ra3 Nh6 26.Re3 Nf5 27.Re1 h6 28.a5 bxa5 29.Rxa5 Rab8
30.Qa3 Nh4 31.Ra7 Bf5 32.Bc1 Qd8 33.Qa5 Rf7 34.Be3 Qd7 35.f3 Bh3 36.Bf1 Rb2
37.Bf2 Nxf3+ 38.gxf3 Bxf1 39.Rxf1 Qh3 40.Qc3 Re2 41.Qd3 Rb2 42.Ra3 Rf5 43.Ng3 e4
44.Qxe4 Rxf2 45.Rxf2 Re5 46.Qg4  1-0